Normal view
MARC view
Entry Personal Name
001 - CONTROL NUMBER
- control field: 13792
003 - CONTROL NUMBER IDENTIFIER
- control field: dpl
005 - DATE AND TIME OF LATEST TRANSACTION
- control field: 20100816113236.0
008 - FIXED-LENGTH DATA ELEMENTS
- fixed length control field: 100816|||a|||||| | ||| d
040 ## - CATALOGING SOURCE
- Original cataloging agency: dpl
- Transcribing agency: dpl
100 ## - HEADING--PERSONAL NAME
- Personal name: Raleigh, Thomas
670 ## - SOURCE DATA FOUND
- Source citation: Work cat.: (dpl)41779: Raleigh, Thomas, Lord curzon speech in India :, 2006
670 ## - SOURCE DATA FOUND
- Source citation: Work cat.: (dpl)41779: Raleigh, Thomas, Lord curzon speech in India :, 2006
